| 000 | 00758nam a2200205 i 4500 | ||
|---|---|---|---|
| 001 | 59387 | ||
| 003 | ES-MaACL | ||
| 005 | 20230906164025.0 | ||
| 007 | t| | ||
| 008 | 031028s1951 sp ||||1| spa d | ||
| 100 | 1 |
_aElordi Calleja, Carlos. _947073 |
|
| 245 | 1 | 0 |
_aAportaciones personales a los regímenes actuales en la alimentación del lactante / _cpor Carlos Elordi Calleja, Fernando Falcón García y Angel Crespo-Santillana. |
| 260 |
_aSantander : _bAldus, _c1951. |
||
| 300 |
_a122 p., 30 lám. ; _c20 cm. |
||
| 500 | _aPrecede al tit.: Cooperativa Lechera Sam. | ||
| 700 | 1 |
_aFalcón García, Fernando. _948712 |
|
| 700 | 1 |
_aCrespo-Santillana, Ángel. _941553 |
|
| 710 | 2 |
_aCooperativa Lechera Sam. _93291 |
|
| 852 |
_aES-MaACL _jC-17985 _bR.45216 |
||
| 999 |
_c59387 _d59387 |
||